000 00386nam a2200145Ia 4500
008 230917s9999||||xx |||||||||||||| ||und||
040 _e30230
_aMAIN
041 _aEnglish
082 _a330.954 S64I
100 _aSinha, Birendra Kumar
245 0 _aIndian economy in the 21st century: A global perspective
260 _aDelhi
_bAjanta
_c1998
300 _aviii, 252 p.
942 _cBK
999 _c101691
_d101691